000 01792nam a22003017a 4500
001 8120
003 FISKH
005 20250827113054.0
008 250827b cb ||||| |||| 00| 0 eng d
020 _a9789996336010
040 _aFISKH
_bkhr
_cFISKH
_dFISKH
050 _aPZ7
100 _aTithseiha, Iem
245 _aក្តារខៀន /
_cអ្នកនិពន្ធ លោក អៀម ទិត្យសីហា​ ,​ វិចិត្រករ លោក​ កែវ ផុនផល្លា​
260 _aភ្នំពេញ :
_bRoom to Read
_c2011.
300 _a14 pages :
_bcolor illustrations ;
_c25 cm .
505 _aO
520 _aវិរះមិនចូលចិត្តឡើងក្តារខៀនទេ ព្រោះគេមិនចូលចិត្តធ្វើលំហាត់។ ពេលអ្នកគ្រូហៅវិរះអោយឡើងធ្វើលំហាត់លើក្តារខៀន ពេលនោះក្តារខៀនតែងតែសើចចំអក ញាក់មុខ ញាក់មាត់ដាក់វិរះ ។​ តើមានអ្វីកើតឡើងនៅពេលដែលវិរះខំប្រឹងរៀន​ ?
520 _aVireak does not like going to the blackboard to do exercises. When he doesn't know the answer, the blackboard ridiculules him . Guess what happens when Vireak begins to study hard ?
521 8 _a600
_bLexile estimate
521 8 _aO
_bRaz-Plus
650 _aក្តារខៀន
_vរឿងនិទានកុមារ
650 _aBlackboard
_vChildren's stories
700 _aPhunphalla, Keo
_eIllustrator
700 _aRoom to Read Cambodia
_eEditor
942 _2ddc
_cKHB
_n0
999 _c8120
_d8120